| 000 | 01132cab a2200193 4500 | ||
|---|---|---|---|
| 001 | ##L133433 | ||
| 008 | 060508n 000 0 eng u | ||
| 035 | _a(Sirsi) u133433 | ||
| 041 | 0 | _aeng | |
| 100 | 1 | _aRice, Paul | |
| 245 | 0 | 0 | _aHow to deal with dirty dirt |
| 490 | 0 |
_aEstates Gazette _v(0617) 29 April 2006, 106-107(2) |
|
| 520 | _aSuggests that developers will get clearer waste management guidance from new legislative and policy developments. Asks whether changes bring ushered in by the Clean Neighbourhoods and Environment Act 2005 will work and how mobile treatment plant licensing will be amended. Discusses the "Walle" ([2004] EUECJ C-1/03, Abs68627) ruling on the classification of contaminated soils and its possible effect on Environment Agency policy in respect of arisings reused on site being classified as waste or not. A national policy statement from the Environment Agency on this matter is awaited with interest. | ||
| 590 | _aIKA090506 | ||
| 650 | _aWALLE CASE | ||
| 650 | 2 | 4 | _aCLEAN NEIGHBOURHOODS AND ENVIRONMENT ACT 2005 |
| 690 | _aENVIRONMENTAL AND LAND CONSULTANCY-WASTE MANAGEMENT | ||
| 942 | _n0 | ||
| 999 |
_c77004 _d77004 |
||